00541nam a2200157 a 450000100100000000500170001000800410002704000250006808200150009310000290010824501030013726000810024030000260032149000180034783000180036500001722520200929165044.0100319s1970 dr a 000 0 spa d aDO-SdBNPbspacBNPHU axxxbT693c1 aTorres Aristy, Francisco10aConsideraciones prácticas acerca del cáncer del cuello del útero /cFrancisco Torres Aristy. aSanto Domingo :bAsociación Dominicana Pro Bienestar de la Familia,c1970. a8 p. :bil. ;c21 cm.1 aDocumentosv2 0aDocumentosn2